<?xml version="1.0" encoding="UTF-8"?>
<record
    xmlns:xsi="http://www.w3.org/2001/XMLSchema-instance"
    xsi:schemaLocation="http://www.loc.gov/MARC21/slim http://www.loc.gov/standards/marcxml/schema/MARC21slim.xsd"
    xmlns="http://www.loc.gov/MARC21/slim">

  <leader>00667nam a2200193 a 4500</leader>
  <controlfield tag="001"> 84545</controlfield>
  <controlfield tag="003">BD-RjUL</controlfield>
  <controlfield tag="005">20241219154310.0</controlfield>
  <controlfield tag="008">241219s1947    pk ||||| |||| 00| 0 urd d</controlfield>
  <datafield tag="035" ind1=" " ind2=" ">
    <subfield code="a">(BD-RjUL) 84545</subfield>
  </datafield>
  <datafield tag="040" ind1=" " ind2=" ">
    <subfield code="a">BD-RjUL</subfield>
    <subfield code="b">eng</subfield>
    <subfield code="c">BD-RjUL</subfield>
  </datafield>
  <datafield tag="041" ind1=" " ind2=" ">
    <subfield code="a">urd</subfield>
  </datafield>
  <datafield tag="082" ind1=" " ind2=" ">
    <subfield code="2">23</subfield>
    <subfield code="a">954.91092</subfield>
    <subfield code="b">JIG 1947</subfield>
  </datafield>
  <datafield tag="245" ind1=" " ind2=" ">
    <subfield code="a">&#x6AF;&#x644;&#x628;&#x627;&#x646;&#x6AF; &#x62D;&#x649;&#x627;&#x62A; / Gulb&#x101;ng-i &#x1E25;ay&#x101;t /</subfield>
    <subfield code="b">&#x62E;&#x627;&#x62A;&#x648;&#x646; &#x67E;&#x627;&#x6A9;&#x633;&#x62A;&#x627;&#x646; &#x645;&#x62D;&#x62A;&#x631;&#x645;&#x6C1; &#x645;&#x633; &#x641;&#x627;&#x637;&#x645;&#x6C1; &#x62C;&#x646;&#x627;&#x62D; &#x6A9;&#x6CC; &#x62A;&#x642;&#x627;&#x631;&#x6CC;&#x631; &#x6A9;&#x627; &#x645;&#x62C;&#x645;&#x648;&#x639;&#x6C1;  ;; khaton pakistan mahtarmah mas fatmah janah</subfield>
  </datafield>
  <datafield tag="260" ind1=" " ind2=" ">
    <subfield code="a">Lahore : </subfield>
    <subfield code="b">Firoz Sons ,</subfield>
    <subfield code="c">1947</subfield>
  </datafield>
  <datafield tag="300" ind1=" " ind2=" ">
    <subfield code="a">377 p. ;</subfield>
    <subfield code="c">22 cm</subfield>
  </datafield>
  <datafield tag="600" ind1=" " ind2=" ">
    <subfield code="a"> &#x645;&#x633; &#x641;&#x627;&#x637;&#x645;&#x6C1; &#x62C;&#x646;&#x627;&#x62D;</subfield>
    <subfield code="9">14702</subfield>
  </datafield>
  <datafield tag="942" ind1=" " ind2=" ">
    <subfield code="2">ddc</subfield>
    <subfield code="c">BK</subfield>
  </datafield>
  <datafield tag="999" ind1=" " ind2=" ">
    <subfield code="c">84545</subfield>
    <subfield code="d">84545</subfield>
  </datafield>
  <datafield tag="952" ind1=" " ind2=" ">
    <subfield code="0">0</subfield>
    <subfield code="1">0</subfield>
    <subfield code="2">ddc</subfield>
    <subfield code="4">0</subfield>
    <subfield code="7">1</subfield>
    <subfield code="8">NFIC</subfield>
    <subfield code="a">RUCL</subfield>
    <subfield code="b">RUCL</subfield>
    <subfield code="c">Reading</subfield>
    <subfield code="d">2024-12-19</subfield>
    <subfield code="o">U 954.91092 JIG 1947</subfield>
    <subfield code="r">2024-12-19 00:00:00</subfield>
    <subfield code="t">c-1</subfield>
    <subfield code="y">BK</subfield>
  </datafield>
</record>
